শিক্ষার ইতিহাস / (Record no. 7848)
[ view plain ]
| 000 -LEADER | |
|---|---|
| fixed length control field | 00663nam a22002177a 4500 |
| 001 - CONTROL NUMBER | |
| JCCL Control Number | 7848 |
| 003 - CONTROL NUMBER IDENTIFIER | |
| JCCL marc code | BD-JhCC |
| 005 - DATE AND TIME OF LATEST TRANSACTION | |
| control field | 20181006103328.0 |
| 008 - FIXED-LENGTH DATA ELEMENTS--GENERAL INFORMATION | |
| fixed length control field | 180213s1975 bg |||| |||| 001 0 ben d |
| 035 ## - SYSTEM CONTROL NUMBER | |
| system control number | (BD-JhCC) 7848 |
| 040 ## - CATALOGING SOURCE | |
| Original cataloging agency | BD-JhCC |
| Modifying agency | BD-JhCC |
| 041 ## - LANGUAGE CODE | |
| Language code of Book | ben |
| 082 ## - DEWEY DECIMAL CLASSIFICATION NUMBER | |
| Classification number | 370.9 |
| Author mark and Year | ULL 1975 |
| 100 ## - MAIN ENTRY--PERSONAL NAME | |
| Personal name | উল্লাহ, মোহাম্মদ মোমিন |
| 245 ## - TITLE STATEMENT | |
| Title | শিক্ষার ইতিহাস / |
| Statement of responsibility, etc | মোহাম্মদ মোমিন উল্লাহ |
| 260 ## - PUBLICATION, DISTRIBUTION, ETC. (IMPRINT) | |
| Place of publication, distribution, etc | ঢাকা : |
| Name of publisher, distributor, etc | বাংলা বাজার, |
| Date of publication, distribution, etc | 1975. |
| 300 ## - PHYSICAL DESCRIPTION | |
| Pagination | 123 p. : |
| Dimensions | 21 cm. |
| 650 ## - SUBJECT ADDED ENTRY--TOPICAL TERM | |
| Topical term or geographic name as entry element | Education |
| 942 ## - ADDED ENTRY ELEMENTS (KOHA) | |
| Source of classification or shelving scheme | Dewey Decimal Classification |
| Koha item type | Books |
| Source of classification or shelving scheme | Damaged status | Not for loan | Home library | Current library | Shelving location | Cost, normal purchase price | Total Checkouts | Full call number | Barcode | Date last seen | Copy number | Koha item type |
|---|---|---|---|---|---|---|---|---|---|---|---|---|
| Dewey Decimal Classification | JCC Rouf Library | JCC Rouf Library | General Stacks | 25.00 | 370.9 ULL 1975 | 1073 | 02/14/2018 | C - 1 | Books |